|
|
|
|
| LEADER |
00000n m0a2200000 4500 |
| 001 |
43438 |
| 005 |
20231031020321.0 |
| 035 |
|
|
|a (RuTPU)RU\TPU\book\44920
|
| 090 |
|
|
|a 43438
|
| 100 |
|
|
|a 20021009d1977 m y0rusy50 ca
|
| 101 |
0 |
|
|a rus
|
| 102 |
|
|
|a RU
|
| 105 |
|
|
|a a j 001zy
|
| 200 |
1 |
|
|a Физика диэлектриков, область сильных полей
|e конспект лекций
|f Г. А. Воробьев
|
| 205 |
|
|
|a 2-е изд., испр. и доп.
|
| 210 |
|
|
|a Томск
|c Изд-во ТПУ
|d 1977
|
| 215 |
|
|
|a 251 с.
|c ил.
|
| 320 |
|
|
|a Библиогр. в конце разделов.
|
| 451 |
|
1 |
|0 (RuTPU)RU\TPU\book\70923
|y 5-98298-097-0
|t Физика диэлектриков (область сильных полей)
|o учебное пособие
|f Г. А. Воробьев, Ю. П. Похолков, Ю. Д. Королев, В. И. Меркулов
|g Томский политехнический университет
|c Томск
|n Изд-во ТПУ
|d 2003
|p 244 с.
|a Воробьев, Григорий Абрамович
|
| 451 |
|
1 |
|0 (RuTPU)RU\TPU\book\44918
|t Физика диэлектриков
|c Томск
|n Изд-во ТГУ
|d 1971
|p 199 с.
|s Учебники Томского политехнического университета
|
| 451 |
|
|
|t Область сильных полей
|o конспект лекций
|f Г. А. Воробьев
|
| 610 |
1 |
|
|a физика
|
| 610 |
1 |
|
|a диэлектрики
|
| 610 |
1 |
|
|a область сильных полей
|
| 610 |
1 |
|
|a газы
|
| 610 |
1 |
|
|a пробой
|
| 610 |
1 |
|
|a электрические разряды
|
| 610 |
1 |
|
|a искровые разряды
|
| 610 |
1 |
|
|a твердые диэлектрики
|
| 610 |
1 |
|
|a жидкие диэлектрики
|
| 610 |
1 |
|
|a лекции
|
| 610 |
1 |
|
|a учебные пособия
|
| 675 |
|
|
|a 537.226(075.8)
|v 3
|
| 700 |
|
1 |
|a Воробьев
|b Г. А.
|g Григорий Абрамович
|
| 801 |
|
1 |
|a RU
|b 63413507
|c 20021009
|g PSBO
|
| 801 |
|
2 |
|a RU
|b 63413507
|c 20200828
|g PSBO
|
| 900 |
|
|
|a Физика диэлектриков
|
| 942 |
|
|
|c BK
|